000 00337nam a2200145Ia 4500
008 230718s9999 xx 000 0 und d
041 _aEng.
082 _a923.154
_bROO-I
100 _aRoomi Dr. M. Azam
245 0 _aInqalab Pakistan
260 _aPakistan
_bJhamori Publishers
_c2013
300 _a157
650 _aLaw
999 _c31660
_d31660